000 00514nam a22001817a 4500
005 20251108172655.0
008 250721s2001 xx 000 0 ara d
082 1 4 _a902/مجي
100 1 _aمجيد، فريد
245 1 0 _aأسرار خفية وألغاز محيرة /
264 1 _aعمان :
_bدار أسامة،
_c2001.
300 _a157ص
650 1 7 _aالأحداث التاريخية
650 1 7 _aالقصص التاريخية
650 1 7 _aالألغاز
942 _2ddc
_cBK
999 _c85609
_d85609